[Event "II Torneio Aberto Internacional de Xadrez de Ferreira do Alentejo"]
[Site "Ferreira do Alentejo - Portugal"]
[Date "2019.12.20"]
[Round "7.9"]
[White "Dong, Rafael"]
[Black "Avelino, Camila Biscaya"]
[Result "0-1"]
[BlackElo "1774"]
[WhiteElo "1571"]
[WhiteTeam "CX Sintra"]
[BlackTeam "ADRC Mata de Benfica"]
[LiveChessVersion "1.4.8"]

1. c4 {[%clk 1:31:21]} Nf6 {[%clk 1:30:52]} 2. d4 {[%clk 1:31:39]} g6
{[%clk 1:30:40]} 3. Nc3 {[%clk 1:31:54]} Bg7 {[%clk 1:30:42]} 4. e4
{[%clk 1:32:08]} d6 {[%clk 1:28:25]} 5. f4 {[%clk 1:32:28]} O-O {[%clk 1:18:40]}
6. Nf3 {[%clk 1:32:38]} c5 {[%clk 1:11:04]} 7. dxc5 {[%clk 1:32:46]} Qa5
{[%clk 1:09:35]} 8. Bd3 {[%clk 1:33:05]} Qxc5 {[%clk 0:59:23]} 9. Qe2
{[%clk 1:32:56]} Nbd7 {[%clk 0:59:32]} 10. Be3 {[%clk 1:32:52]} Qc7
{[%clk 0:54:17]} 11. O-O {[%clk 1:24:34]} Nc5 {[%clk 0:53:24]} 12. Bxc5
{[%clk 1:24:41]} Qxc5+ {[%clk 0:49:55]} 13. Kh1 {[%clk 1:24:21]} Be6
{[%clk 0:43:34]} 14. Nd5 {[%clk 1:19:48]} Nxd5 {[%clk 0:43:08]} 15. exd5
{[%clk 1:18:55]} Bg4 {[%clk 0:43:10]} 16. Qxe7 {[%clk 1:18:44]} Rfe8
{[%clk 0:43:26]} 17. Qxb7 {[%clk 1:15:41]} Rab8 18. Qc6 {[%clk 1:16:04]} Qxc6
{[%clk 0:41:07]} 19. dxc6 {[%clk 1:11:49]} Bxf3 {[%clk 0:33:56]} 20. gxf3
{[%clk 1:11:10]} Rxb2 {[%clk 0:33:09]} 21. Rae1 {[%clk 1:09:03]} Kf8
{[%clk 0:33:32]} 22. Rxe8+ {[%clk 1:09:12]} Kxe8 {[%clk 0:33:48]} 23. Re1+
{[%clk 1:07:42]} Kd8 {[%clk 0:33:45]} 24. c7+ {[%clk 1:08:06]} Kxc7 25. Re7+
{[%clk 1:08:11]} Kc6 {[%clk 0:34:05]} 26. Rxa7 Bd4 {[%clk 0:34:11]} 27. Rxf7
{[%clk 1:08:03]} Rxa2 28. Rxh7 {[%clk 1:07:47]} Be3 {[%clk 0:33:59]} 29. Bxg6
{[%clk 1:07:55]} Ra1+ {[%clk 0:34:02]} 30. Kg2 {[%clk 1:08:03]} Rg1+
{[%clk 0:34:26]} 31. Kh3 {[%clk 1:08:01]} Rxg6 {[%clk 0:29:10]} 32. f5
{[%clk 1:05:48]} Rg5 {[%clk 0:20:31]} 33. Rf7 {[%clk 1:03:45]} Kc5 34. Rc7+
{[%clk 1:01:56]} Kd4 {[%clk 0:19:53]} 35. f6 {[%clk 1:02:16]} Rf5 36. f7
{[%clk 1:02:32]} Rxf3+ {[%clk 0:20:27]} 37. Kg4 {[%clk 1:02:18]} Rf4+
{[%clk 0:18:40]} 38. Kh5 {[%clk 1:02:11]} Rf6 {[%clk 0:18:01]} 39. Rc6
{[%clk 0:46:26]} Ke5 {[%clk 0:18:15]} 40. Rc7 {[%clk 0:45:29]} Kf5
{[%clk 0:17:58]} 41. Kh4 Kf4 {[%clk 0:18:20]} 42. Kh3 {[%clk 0:45:38]} Kf3
{[%clk 0:18:40]} 43. Kh4 Rh6# 0-1

[Event "II Torneio Aberto Internacional de Xadrez de Ferreira do Alentejo"]
[Site "Ferreira do Alentejo - Portugal"]
[Date "2019.12.20"]
[Round "7.10"]
[White "Tieres, Cristiano"]
[Black "Santos, Isabel Pereira Dos"]
[Result "1-0"]
[BlackElo "1807"]
[WhiteElo "1848"]
[WhiteTeam "EX Porto"]
[BlackTeam "Gx Alekhine"]
[LiveChessVersion "1.4.8"]

1. d4 {[%clk 1:26:11]} d5 {[%clk 1:30:20]} 2. c4 e6 {[%clk 1:30:40]} 3. Nc3
{[%clk 1:27:08]} Nf6 {[%clk 1:31:02]} 4. cxd5 {[%clk 1:27:35]} exd5
{[%clk 1:31:24]} 5. Bg5 {[%clk 1:28:27]} c6 {[%clk 1:31:42]} 6. e3
{[%clk 1:28:53]} Bf5 {[%clk 1:31:15]} 7. Qf3 {[%clk 1:28:37]} Be4 8. Bxf6
{[%clk 1:28:59]} Qxf6 {[%clk 1:15:37]} 9. Nxe4 {[%clk 1:29:23]} Qxf3
{[%clk 1:11:39]} 10. gxf3 dxe4 {[%clk 1:12:04]} 11. fxe4 {[%clk 1:29:49]} Bb4+
{[%clk 1:12:21]} 12. Kd1 Nd7 13. f4 {[%clk 1:30:16]} Nf6 {[%clk 1:11:24]} 14. Bd3
{[%clk 1:30:22]} Ke7 15. Ke2 {[%clk 1:30:46]} h6 {[%clk 1:07:08]} 16. Nf3
{[%clk 1:31:10]} Rac8 17. a3 {[%clk 1:31:35]} Ba5 {[%clk 1:04:25]} 18. b4
{[%clk 1:31:52]} Bb6 {[%clk 1:03:03]} 19. Nh4 {[%clk 1:32:04]} g6
{[%clk 1:02:32]} 20. e5 {[%clk 1:32:24]} Nd5 {[%clk 0:56:23]} 21. Bxg6
{[%clk 1:32:44]} Nxf4+ {[%clk 1:30:30]} 22. exf4 1-0

[Event "II Torneio Aberto Internacional de Xadrez de Ferreira do Alentejo"]
[Site "Ferreira do Alentejo - Portugal"]
[Date "2019.12.20"]
[Round "7.11"]
[White "Sousa, Diogo Miguel Braz"]
[Black "Ramos, Alvaro Manuel Nobre"]
[Result "0-1"]
[BlackElo "1868"]
[WhiteElo "1375"]
[WhiteTeam "CXFA"]
[BlackTeam "CXFA"]
[LiveChessVersion "1.4.8"]

1. e4 {[%clk 1:31:21]} c5 {[%clk 1:31:10]} 2. Nf3 {[%clk 1:31:43]} d6
{[%clk 1:31:32]} 3. d4 {[%clk 1:32:02]} cxd4 {[%clk 1:31:50]} 4. Nxd4
{[%clk 1:32:23]} Nf6 {[%clk 1:32:11]} 5. Nc3 {[%clk 1:32:18]} a6 {[%clk 1:32:28]}
6. Bc4 {[%clk 1:31:52]} e6 {[%clk 1:32:46]} 7. O-O {[%clk 1:31:39]} Qc7
{[%clk 1:32:52]} 8. Be2 {[%clk 1:30:22]} Be7 {[%clk 1:30:47]} 9. Be3
{[%clk 1:26:41]} Bd7 {[%clk 1:31:03]} 10. Rc1 {[%clk 1:24:30]} Nc6
{[%clk 1:31:12]} 11. Nxc6 {[%clk 1:24:47]} Bxc6 {[%clk 1:30:47]} 12. Bf3 O-O
{[%clk 1:30:52]} 13. Re1 {[%clk 1:23:17]} Rfd8 {[%clk 1:30:30]} 14. Qe2
{[%clk 1:14:59]} b5 {[%clk 1:26:52]} 15. Qd3 {[%clk 1:08:20]} Qb7
{[%clk 1:23:33]} 16. Bd2 {[%clk 1:01:11]} a5 {[%clk 1:22:20]} 17. Re3 b4
{[%clk 1:22:24]} 18. Ne2 {[%clk 1:00:49]} d5 {[%clk 1:22:12]} 19. e5
{[%clk 0:55:05]} Ne4 {[%clk 1:21:18]} 20. Ng3 {[%clk 0:54:45]} Nxd2
{[%clk 1:21:21]} 21. Qxd2 {[%clk 0:54:27]} Bg5 {[%clk 1:20:46]} 22. Qe2
{[%clk 0:54:43]} Bxe3 {[%clk 1:19:40]} 23. Qxe3 {[%clk 0:54:45]} Rac8
{[%clk 1:16:04]} 24. Qg5 {[%clk 0:54:36]} Kh8 {[%clk 1:16:14]} 25. Nh5
{[%clk 0:53:15]} Rg8 {[%clk 1:15:04]} 26. Nf6 {[%clk 0:53:42]} gxf6
{[%clk 1:15:04]} 27. Qxf6+ {[%clk 0:53:42]} Rg7 {[%clk 1:14:21]} 28. Rd1
{[%clk 0:52:41]} d4 {[%clk 1:04:12]} 29. Rxd4 {[%clk 0:52:20]} Qb6 30. Rg4
{[%clk 0:52:18]} Rcg8 {[%clk 1:04:11]} 31. Bxc6 {[%clk 0:49:51]} Qd8
{[%clk 1:04:36]} 32. Qxd8 {[%clk 0:49:51]} Rxd8 33. Rxg7 Rd1# {[%clk 1:04:54]}
0-1